Možnosti podnikania v poisťovníctve.

Nové právne predpisy, ktoré upravujú podmienky podnikania v poisťovníctve a štátny dozor nad poisťovníctvom. Vývoj poisťovníctva u nás. Predmet, formy a podmienky podnikania v poisťovníctve. Účelové poistné fondy a účtovníctvo poisťovní. Dozor nad poisťovníctvom.

Salvato in:
Dettagli Bibliografici
Autore principale: Čejková, Viktória
Natura: Capitolo di libro
Lingua:slovacco
Soggetti:
Tags: Aggiungi Tag
Nessun Tag, puoi essere il primo ad aggiungerne!!

MARC

LEADER 00000naa a2200000 4500
001 r012890
005 20221205080028.6
041 0 |a slo 
044 |a SK 
245 1 0 |a Možnosti podnikania v poisťovníctve.  |c Viktória Čejková 
520 |a Nové právne predpisy, ktoré upravujú podmienky podnikania v poisťovníctve a štátny dozor nad poisťovníctvom. Vývoj poisťovníctva u nás. Predmet, formy a podmienky podnikania v poisťovníctve. Účelové poistné fondy a účtovníctvo poisťovní. Dozor nad poisťovníctvom. 
610 2 0 |a poisťovníctvo 
610 2 0 |a podnikanie 
610 2 0 |a dozor štátny 
610 2 0 |a účtovníctvo 
610 2 0 |a predpisy právne 
100 1 |a Čejková, Viktória